Sanaa ya umalenga : (Record no. 9415)
[ view plain ]
| 000 -LEADER | |
|---|---|
| fixed length control field | 00502nam a22001577a 4500 |
| 008 - FIXED-LENGTH DATA ELEMENTS--GENERAL INFORMATION | |
| fixed length control field | 151027b xxu||||| |||| 00| 0 eng d |
| 020 ## - INTERNATIONAL STANDARD BOOK NUMBER | |
| International Standard Book Number | 9789966462430 |
| 050 ## - LIBRARY OF CONGRESS CALL NUMBER | |
| Classification number | PL 8704 .K56 1985 |
| 100 ## - MAIN ENTRY--PERSONAL NAME | |
| Personal name | Karama, Said. |
| 245 ## - TITLE STATEMENT | |
| Title | Sanaa ya umalenga : |
| Statement of responsibility, etc. | Said Karama |
| Remainder of title | mashairi ya mafunzo / |
| 260 ## - PUBLICATION, DISTRIBUTION, ETC. (IMPRINT) | |
| Place of publication, distribution, etc. | Nairobi : |
| Name of publisher, distributor, etc. | East Africa Educational Publishers, |
| Date of publication, distribution, etc. | 1985. |
| 300 ## - PHYSICAL DESCRIPTION | |
| Extent | iv, 76p. ; |
| Dimensions | 17cm. |
| 650 ## - SUBJECT ADDED ENTRY--TOPICAL TERM | |
| Topical term or geographic name as entry element | Swahili language |
| 650 ## - SUBJECT ADDED ENTRY--TOPICAL TERM | |
| Topical term or geographic name as entry element | Swahili poetry |
| 942 ## - ADDED ENTRY ELEMENTS (KOHA) | |
| Source of classification or shelving scheme | |
| Koha item type | Africana (Books) |
| Classification part | PL 8704 .K56 1985 |
| Withdrawn status | Lost status | Source of classification or shelving scheme | Damaged status | Not for loan | Home library | Current library | Shelving location | Date acquired | Total Checkouts | Full call number | Barcode | Date last seen | Price effective from | Koha item type | Source of acquisition | Cost, normal purchase price | Date last checked out |
|---|---|---|---|---|---|---|---|---|---|---|---|---|---|---|---|---|---|
| MACHAKOS UNIVERSITY LIBRARY | MACHAKOS UNIVERSITY LIBRARY | Africana | 27/10/2015 | PL 8704 .K56 1985 | 17524 | 04/12/2017 | 27/10/2015 | Africana (Books) | |||||||||
| MACHAKOS UNIVERSITY LIBRARY | MACHAKOS UNIVERSITY LIBRARY | Africana | 04/12/2017 | PL 8704 .K56 1985 | 37660 | 04/12/2017 | 04/12/2017 | Africana (Books) | Textbook Centre | 394.00 | |||||||
| MACHAKOS UNIVERSITY LIBRARY | MACHAKOS UNIVERSITY LIBRARY | Africana | 04/12/2017 | PL 8704 .K56 1985 | 37661 | 04/12/2017 | 04/12/2017 | Africana (Books) | Textbook Centre | 394.00 | |||||||
| MACHAKOS UNIVERSITY LIBRARY | MACHAKOS UNIVERSITY LIBRARY | Africana | 04/12/2017 | PL 8704 .K56 1985 | 37662 | 04/12/2017 | 04/12/2017 | Africana (Books) | Textbook Centre | 394.00 | |||||||
| MACHAKOS UNIVERSITY LIBRARY | MACHAKOS UNIVERSITY LIBRARY | Africana | 04/12/2017 | 1 | PL 8704 .K56 1985 | 37663 | 09/03/2020 | 04/12/2017 | Africana (Books) | Textbook Centre | 394.00 | 02/03/2020 | |||||
| MACHAKOS UNIVERSITY LIBRARY | MACHAKOS UNIVERSITY LIBRARY | Africana | 04/12/2017 | 1 | PL 8704 .K56 1985 | 37664 | 29/11/2022 | 04/12/2017 | Africana (Books) | Textbook Centre | 394.00 | 28/11/2022 |